| 000 | 01091cam a2200205 4500 | ||
|---|---|---|---|
| 001 | ##L132451 | ||
| 008 | 060209n2005 000 0 eng u | ||
| 035 | _a(Sirsi) u132451 | ||
| 041 | 0 | _aeng | |
| 050 | 0 | 4 |
_a711.1 _b218 |
| 110 | 1 |
_aChartered Institution of Water and Environmental Management _94489 |
|
| 245 | 0 | 0 | _aHealth impact assessment for land use planning |
| 260 |
_aLondon _bCIWEM _c2005 |
||
| 520 | _aThis policy position statement promotes the preparation of appropriate guidelines for Health Impact Assessment (HIA) for major new developments to assist decision making in the planning system. Discusses the HIA context and the key issues and makes policy recommendations. | ||
| 590 | _aIKA140206 | ||
| 650 | 2 | 4 | _aHEALTH IMPACT ASSESSMENT |
| 690 | _aENVIRONMENTAL AND LAND CONSULTANCY-ENVIRONMENTAL MANAGEMENT-ENVIRONMENTAL ASSESSMENT-ENVIRONMENTAL IMPACT ASSESSMENT | ||
| 856 | 4 | 0 |
_uhttps://www.ciwem.org/knowledge-networks/panels/air/health-impact-assessment-for-land-use-planning-.aspx _zView the policy position statement free of charge at www.ciwem.org... |
| 942 | _n0 | ||
| 999 |
_c105142 _d105142 |
||